| 000 | 00607nam a2200193Ia 4500 | ||
|---|---|---|---|
| 003 | GCL | ||
| 008 | 140319s9999 xx 000 0 ara d | ||
| 040 |
_aGCL / _cGCL |
||
| 082 | 0 | 4 |
_a001.6424 _bع ل |
| 100 | 1 | _aعمر مكداشى | |
| 245 | 1 | 0 |
_aلغة اللوغو / _cعمر مكداشى |
| 260 |
_a[S.N] : _bدار الراتب الجامعية |
||
| 300 | _a142 ص | ||
| 490 |
_aموسوعة البرمجة الالكترونية _v0 |
||
| 650 | 0 | 4 | _aالحاسبات الالكترونية |
| 650 | 0 | 4 | _aلوغو |
| 650 | 0 | 4 | _aالحاسبات الالكترونية- لغات |
| 942 |
_2ddc _cBK |
||
| 999 |
_c29419 _d29419 |
||